| 000 | 00613nam a2200193 a 4500 | ||
|---|---|---|---|
| 001 | 000010407 | ||
| 005 | 20240412074218.0 | ||
| 008 | 091007s1977 dr 001 p spa d | ||
| 040 |
_aDO-SdBNP _bspa _cBNPHU |
||
| 082 |
_aRD861.44 _bL453a |
||
| 100 | 1 |
_aLebrón Saviñón, Carlos _924855 |
|
| 245 | 1 | 0 |
_aÁrbol de sombras y de estrellas / _cCarlos Lebrón Saviñón. |
| 260 |
_aSanto Domingo : _bPadilla, _c1977. |
||
| 300 |
_a94 p. ; _c23 cm. |
||
| 500 | _aIncluye datos biográficos del autor en la contracubierta | ||
| 650 | 0 |
_aPoesía dominicana _966 |
|
| 650 | 0 |
_aLiteratura dominicana. _967 |
|
| 049 | _aBNPD | ||
| 999 |
_c10166 _d10166 |
||